000 00393cam a2200157ua 4500
020 _c550.00
041 _aeng
_h
100 _aSrivastava, R.K .
245 _aPumps: A complete reference /
_cR.K Srivastava.
_hTextual Documents
260 _a :
_bGalgotia publication pvt ltd ,
_c2003.
300 _a ; .
365 _a550.00
504 _a
942 _cBK
999 _c12945
_d12945